Cómo debe enseñarse la educación física / (Record no. 8971)

MARC details
000 -CABECERA
campo de control de longitud fija 00593nam a2200193 a 4500
005 - FECHA Y HORA DE LA ÚLTIMA TRANSACCIÓN
campo de control 20230616063520.0
008 - ELEMENTOS DE LONGITUD FIJA--INFORMACIÓN GENERAL
campo de control de longitud fija 991125s1941 mx 000 0 spa u
035 ## - NÚMERO DE CONTROL DEL SISTEMA
Número de control de sistema UPN01000008971
049 ## - COLECCIÓN
Colección CG
050 #4 - SIGNATURA TOPOGRÁFICA DE LA BIBLIOTECA DEL CONGRESO
Número de clasificación LB1585.5
Número de documento/Ítem G3.2
100 1# - ASIENTO PRINCIPAL--NOMBRE PERSONAL
Nombre de persona García Wagner, Carlos
245 10 - MENCIÓN DE TÍTULO
Título Cómo debe enseñarse la educación física /
Mención de responsabilidad, etc. Carlos García Wagner.
260 ## - PUBLICACIÓN, DISTRIBUCIÓN, ETC.
Lugar de publicación, distribución, etc. Puebla :
Nombre del editor, distribuidor, etc. [s.n.],
Fecha de publicación, distribución, etc. 1941.
300 ## - DESCRIPCIÓN FÍSICA
Extensión [12] h.
500 ## - NOTA GENERAL
Nota general Hojas mecanografiadas
500 ## - NOTA GENERAL
Nota general Disponible en la Colección Medina
650 #4 - ASIENTO SECUNDARIO DE MATERIA - TERMINO TEMATICO
Término de materia o nombre geográfico como elemento de entrada Educación física
Subdivisión general Estudio y enseñanza (Elemental)
9 (RLIN) 11517
905 ## - TIPO DE MATERIAL
Tipo de material Libro
Holdings
Estado de retiro Estado de pérdida Fuente del sistema de clasificación o colocación Estado dañado No para préstamo Código de colección Localización permanente Ubicación/localización actual Ubicación en estantería Total de préstamos Clasificación Código de barras Fecha visto por última vez Número de copia Tipo de ítem Koha
    Library of Congress Classification   Colec. Medina Colección General Bib. Gregorio Torres Quintero Bib. Gregorio Torres Quintero Planta baja   LB1585.5 G3.2 20082F 31/12/2020 1 Libro